| 000 | 00538nam a2200181Ia 4500 | ||
|---|---|---|---|
| 005 | 20250508152925.0 | ||
| 008 | 008 250505s9999 xx 000 0 eng d | ||
| 037 | _aTextual | ||
| 040 |
_aFEDL _beng _cFEDL |
||
| 041 |
_aeng _2eng |
||
| 084 |
_a784.71, IND _qFEDL |
||
| 245 | 0 | _aOur national songs | |
| 245 | 0 | _cGovernment of India. Ministry of Information and Broadcasting | |
| 260 |
_aFaridabad, India _bGovernment of India Press _c1951 |
||
| 300 | _a27p. | ||
| 942 |
_cTEXL _h784.71, IND |
||
| 999 |
_c1339631 _d1339631 |
||